00339nam a2200097Ia 4500008004100000040002900041050003100070100001800101245008800119260003400207230222s9999||||xx |||||||||||||| ||und|| cChuka University Library aBSL THE HG 8061 bO24 2015 aOchwando,L.M. 0aEffect of insurance distribution channels on growth of insurance industry in Kenya aChuka universitybChukac2015